[Event "TCh-CHN 2019"]
[Site "China CHN"]
[Date "2019.12.06"]
[Round "21.2"]
[Board "1"]
[White "Malakhov, Vladimir"]
[Black "Zeng, Chongsheng"]
[Result "1/2-1/2"]
[WhiteTitle "GM"]
[BlackTitle "GM"]
[WhiteElo "2668"]
[BlackElo "2552"]
[WhiteTeam "Zhihui Sports chess team of Tianjin"]
[BlackTeam "Chongqing Sports lottery chess team"]
[WhiteFideId "4120787"]
[BlackFideId "8603847"]
[EventDate "2019.04.09"]

1. Nf3 d5 2. g3 Nf6 3. Bg2 g6 4. O-O Bg7 5. d4 O-O 6. c3 c6 7. Nbd2 Bf5 8. Re1
Nbd7 9. Nh4 Be6 10. e4 dxe4 11. Nxe4 Bd5 12. Nxf6+ Bxf6 13. Nf3 Re8 14. Bh6 Bg7
15. Qd2 e6 16. h4 Bxh6 17. Qxh6 Qf6 18. Ne5 Nxe5 19. dxe5 Qf5 20. Rad1 Rad8 21.
Qg5 Qxg5 22. hxg5 h6 23. gxh6 Kh7 24. b3 b5 25. Bf1 Kxh6 26. Re3 c5 27. Bxb5 Rh8
28. Bf1 Kg7 29. f3 g5 30. Red3 Rc8 31. c4 Bc6 32. Bg2 a5 33. Rd6 a4 34. R1d2 Rc7
35. Kf2 axb3 36. axb3 Rb8 37. R2d3 g4 38. Re3 Bxf3 39. Bxf3 gxf3 40. Kxf3 Kg6
41. Kg4 Rcb7 42. Rdd3 Rh8 43. Rf3 Rh1 44. Rd8 Kg7 45. Rc8 Rb1 46. Kg5 R1xb3 47.
Rxb3 Rxb3 48. g4 Rd3 49. Rxc5 Rd4 50. Kh5 Re4 51. g5 Re1 52. Kg4 Kg6 53. Kf4
Rf1+ 54. Ke4 Kxg5 55. Rc7 f5+ 56. exf6 Kxf6 57. c5 Rc1 58. c6 Rc4+ 59. Kd3 Rc1
60. Kd4 Rc2 61. Kd3 Rc1 62. Kd4 Rc2 63. Ke4 1/2-1/2

[Event "TCh-CHN 2019"]
[Site "China CHN"]
[Date "2019.12.06"]
[Round "21.2"]
[Board "2"]
[White "Wang, Yue"]
[Black "Zhou, Weiqi"]
[Result "1/2-1/2"]
[WhiteTitle "GM"]
[BlackTitle "GM"]
[WhiteElo "2674"]
[BlackElo "2592"]
[WhiteTeam "Zhihui Sports chess team of Tianjin"]
[BlackTeam "Chongqing Sports lottery chess team"]
[WhiteFideId "8601429"]
[BlackFideId "8601674"]
[EventDate "2019.04.09"]

1. d4 d5 2. c4 dxc4 3. Nf3 a6 4. e3 b5 5. a4 Bb7 6. b3 e6 7. axb5 axb5 8. Rxa8
Bxa8 9. bxc4 bxc4 10. Bxc4 Nf6 11. O-O Be7 12. Nbd2 O-O 13. Bb2 c5 14. dxc5 Nbd7
15. Nb3 Nxc5 16. Nxc5 Qxd1 17. Rxd1 Bxf3 18. gxf3 Bxc5 19. Kg2 Be7 20. f4 Rd8
21. Rxd8+ Bxd8 22. Bxf6 Bxf6 23. e4 g5 24. fxg5 Bxg5 25. Kg3 e5 26. Kg4 Bf4 27.
h4 Kg7 28. h5 Kf6 29. f3 h6 30. Bd5 Bg5 31. Bc4 1/2-1/2

[Event "TCh-CHN 2019"]
[Site "China CHN"]
[Date "2019.12.06"]
[Round "21.2"]
[Board "4"]
[White "Tan, Zhongyi"]
[Black "Munguntuul, Batkhuyag"]
[Result "1-0"]
[WhiteTitle "GM"]
[BlackTitle "IM"]
[WhiteElo "2502"]
[BlackElo "2430"]
[WhiteTeam "Chongqing Sports lottery chess team"]
[BlackTeam "Zhihui Sports chess team of Tianjin"]
[WhiteFideId "8603642"]
[BlackFideId "4900758"]
[EventDate "2019.04.09"]

1. d4 d5 2. c4 c6 3. Nf3 Nf6 4. Nc3 e6 5. Bg5 h6 6. Bxf6 Qxf6 7. Qb3 Nd7 8. e4
dxe4 9. Nxe4 Qf4 10. Bd3 e5 11. O-O Be7 12. Rfe1 exd4 13. Ng3 Nc5 14. Qc2 Qc7
15. Bf5 O-O 16. Bxc8 Raxc8 17. Nxd4 Rfe8 18. Ndf5 Bf8 19. Nh5 Nd7 20. Red1 Qe5
21. f4 Qe6 22. Nhxg7 Bxg7 23. Rd6 Qe2 24. Qxe2 Rxe2 25. Rxd7 Rce8 26. Rxb7 Rc2
27. Rb3 Bxb2 28. Rd1 Ree2 29. Rg3+ Kh7 30. h3 Red2 31. Rxd2 Rxd2 32. Rb3 Bd4+
33. Kh2 Bb6 34. Rg3 Bc7 35. Rg7+ Kh8 36. Kg3 Rd7 37. Kg4 Bd6 38. Kh5 Bxf4 39.
Rg4 Bc1 40. Nxh6 Bxh6 41. Kxh6 Rd6+ 42. Kg5 c5 43. Kf5 Ra6 44. a3 Kh7 45. Ke5
Rxa3 46. Kf6 a5 47. Kxf7 Kh6 48. Kf6 Kh7 49. Rg5 a4 50. Rh5+ Kg8 51. g4 Rf3+ 52.
Kg6 Rb3 53. Rxc5 Rb6+ 54. Kf5 Ra6 55. Rc8+ Kf7 56. Rc7+ Kf8 57. Rb7 a3 58. Rb1
a2 59. Ra1 Kf7 60. Ke5 Ke7 61. c5 Kd7 62. Kd5 Ra3 63. h4 Ra4 64. g5 Rxh4 65.
Rxa2 Rg4 66. Ra7+ Ke8 67. Ke6 Re4+ 68. Kf6 Rf4+ 69. Kg6 Rc4 70. Ra8+ Ke7 71. Ra5
Kf8 72. Ra8+ Ke7 73. Kg7 Rxc5 74. g6 Rc6 75. Kh7 Rc1 76. g7 Rh1+ 77. Kg8 Rg1 78.
Ra4 Re1 79. Rh4 1-0

[Event "TCh-CHN 2019"]
[Site "China CHN"]
[Date "2019.12.06"]
[Round "21.2"]
[Board "5"]
[White "Lei, Tingjie"]
[Black "Xiao, Yiyi"]
[Result "1-0"]
[WhiteTitle "GM"]
[BlackTitle "WFM"]
[WhiteElo "2483"]
[BlackElo "2306"]
[WhiteTeam "Chongqing Sports lottery chess team"]
[BlackTeam "Zhihui Sports chess team of Tianjin"]
[WhiteFideId "8605114"]
[BlackFideId "8606161"]
[EventDate "2019.04.09"]

1. d4 d5 2. c4 e6 3. Nc3 Nf6 4. cxd5 exd5 5. Bg5 c6 6. e3 Be7 7. Qc2 Nbd7 8. Bd3
O-O 9. Nge2 Re8 10. f3 a5 11. O-O Qb6 12. Kh1 h6 13. Bh4 Nf8 14. Bf2 Qd8 15. e4
dxe4 16. fxe4 Ng4 17. Bg1 Bg5 18. Rf3 Be6 19. e5 h5 20. h3 Nh6 21. Raf1 Bd5 22.
Nxd5 cxd5 23. Nc3 Ne6 24. Qf2 Rf8 25. Bb1 Rc8 26. Qe2 Rc4 27. Qd3 g6 28. a3 Nc7
29. Ba2 Rc6 30. Bh2 Re6 31. Nb5 Nxb5 32. Qxb5 Nf5 33. Rxf5 gxf5 34. Rxf5 Rg6 35.
Bxd5 Be3 36. Qxb7 Qc8 37. Qxc8 Rxc8 38. Rxf7 Kh8 39. Rf1 Bxd4 40. e6 Rf6 41. Re1
Re8 42. b4 axb4 43. axb4 Bc3 44. Rc1 Bd4 45. Rd1 Bc3 46. b5 Rf2 47. b6 Rb2 48.
b7 Kg7 49. Rf1 h4 50. Rc1 Bd4 51. Bc6 Rxe6 52. b8=Q Rxb8 53. Bxb8 Bb2 54. Rb1
Bd4 55. Bf3 Kf6 56. Bc7 1-0

[Event "TCh-CHN 2019"]
[Site "China CHN"]
[Date "2019.12.06"]
[Round "21.3"]
[Board "3"]
[White "Lou, Yiping"]
[Black "Nie, Xinyang"]
[Result "1/2-1/2"]
[WhiteTitle "IM"]
[WhiteElo "2473"]
[BlackElo "2348"]
[WhiteTeam "China Mobil Shanghai Chess Club"]
[BlackTeam "Chongqing Jiulongpo Yucai Chess team"]
[WhiteFideId "8603928"]
[BlackFideId "8607222"]
[EventDate "2019.04.09"]

1. d4 d5 2. Nf3 e6 3. Bf4 Nf6 4. e3 c5 5. c3 Nc6 6. Nbd2 Bd6 7. Bg3 O-O 8. Bb5
Qe7 9. O-O Bd7 10. Ba4 Bxg3 11. hxg3 Rfc8 12. Re1 Rab8 13. Bc2 cxd4 14. exd4 Be8
15. a4 Nd7 16. Qe2 Nf8 17. Bd3 Qd8 18. Nb3 Na5 19. Nxa5 Qxa5 20. Ne5 f6 21. Nf3
Bg6 22. Bxg6 hxg6 23. Qb5 Qd8 24. Re2 g5 25. Ne1 Qd6 26. Nd3 a6 27. Qb3 b6 28.
Nb4 a5 29. Nc2 Rc6 30. Rae1 Kf7 1/2-1/2

[Event "TCh-CHN 2019"]
[Site "China CHN"]
[Date "2019.12.06"]
[Round "21.3"]
[Board "4"]
[White "Javakhishvili, Lela"]
[Black "Ju, Wenjun"]
[Result "1/2-1/2"]
[WhiteTitle "IM"]
[BlackTitle "GM"]
[WhiteElo "2463"]
[BlackElo "2580"]
[WhiteTeam "Chongqing Jiulongpo Yucai Chess team"]
[BlackTeam "China Mobil Shanghai Chess Club"]
[WhiteFideId "13601458"]
[BlackFideId "8603006"]
[EventDate "2019.04.09"]

1. d4 Nf6 2. Nf3 d5 3. c4 e6 4. Nc3 Bb4 5. cxd5 exd5 6. Bg5 h6 7. Bxf6 Qxf6 8.
Qb3 c5 9. a3 Bxc3+ 10. Qxc3 b6 11. e3 Be6 12. dxc5 Qxc3+ 13. bxc3 bxc5 14. Ne5
Nd7 15. Bb5 Ke7 16. Nxd7 Bxd7 17. Bxd7 Kxd7 18. Kd2 Kc6 19. Rab1 Rab8 20. Rxb8
Rxb8 21. Kc2 h5 22. h4 c4 23. a4 g6 24. Re1 Rb7 25. e4 dxe4 26. Rxe4 Kd5 27.
Rd4+ Kc5 28. Rd8 Re7 29. Rc8+ Kd5 30. Rd8+ Kc5 31. Rc8+ Kd5 32. Rd8+ 1/2-1/2

[Event "TCh-CHN 2019"]
[Site "China CHN"]
[Date "2019.12.06"]
[Round "21.3"]
[Board "5"]
[White "Huang, Qian"]
[Black "Ni, Shiqun"]
[Result "1/2-1/2"]
[WhiteTitle "WGM"]
[BlackTitle "WGM"]
[WhiteElo "2429"]
[BlackElo "2389"]
[WhiteTeam "Chongqing Jiulongpo Yucai Chess team"]
[BlackTeam "China Mobil Shanghai Chess Club"]
[WhiteFideId "8602689"]
[BlackFideId "8608466"]
[EventDate "2019.04.09"]

1. d4 d5 2. Nf3 Nf6 3. c4 dxc4 4. e3 e6 5. Bxc4 c5 6. O-O a6 7. dxc5 Qxd1 8.
Rxd1 Bxc5 9. Be2 b6 10. a3 Nbd7 11. Nbd2 Bb7 12. b4 Be7 13. Bb2 O-O 14. Rac1
Rac8 15. Nc4 Rc7 16. Nd6 Rxc1 17. Bxc1 Bd5 18. e4 Bxd6 19. exd5 Nxd5 20. Bxa6
N7f6 21. Bb2 Ra8 22. Bf1 Rc8 23. Rc1 Rxc1 24. Bxc1 Ne4 25. g3 Kf8 26. Nd2 Nec3
27. Kg2 Ke7 28. Nc4 Bc7 29. Ne3 Be5 30. Nxd5+ exd5 31. Bd3 h5 32. Bd2 1/2-1/2

[Event "TCh-CHN 2019"]
[Site "China CHN"]
[Date "2019.12.06"]
[Round "21.4"]
[Board "1"]
[White "Lin, Yi"]
[Black "Predke, Alexandr"]
[Result "0-1"]
[WhiteTitle "IM"]
[BlackTitle "GM"]
[WhiteElo "2415"]
[BlackElo "2676"]
[WhiteTeam "Hangzhou Hongda team"]
[BlackTeam "Guangdong Shenzhen Longgang Chess team"]
[WhiteFideId "8609659"]
[BlackFideId "24107581"]
[EventDate "2019.04.09"]

1. d4 Nf6 2. c4 e6 3. Nf3 d5 4. g3 Bb4+ 5. Bd2 Bd6 6. Bg2 c6 7. O-O Nbd7 8. Qc2
O-O 9. Bg5 h6 10. Bxf6 Nxf6 11. Nbd2 a5 12. e4 Nxe4 13. Nxe4 dxe4 14. Qxe4 c5
15. Rad1 Qc7 16. dxc5 Qxc5 17. Qd4 Ra6 18. Qxc5 Bxc5 19. Rd3 Rd6 20. Rfd1 Rfd8
21. Rxd6 Rxd6 22. Rxd6 Bxd6 23. Kf1 f5 24. Ke2 Kf7 25. Ne1 Kf6 26. b3 g5 27. Nc2
e5 28. Ne3 e4 29. f3 Ke5 30. g4 f4 31. Nd5 Kd4 32. Nf6 e3 33. Ne4 Be7 34. a4 Bd7
35. h3 Be8 36. Bf1 Bg6 37. Bg2 b6 38. Bh1 Bf8 39. Bg2 Bg7 40. Bh1 Be5 0-1

[Event "TCh-CHN 2019"]
[Site "China CHN"]
[Date "2019.12.06"]
[Round "21.5"]
[Board "5"]
[White "Guo, Qi"]
[Black "Song, Yuxin"]
[Result "1-0"]
[WhiteTitle "IM"]
[BlackTitle "WIM"]
[WhiteElo "2406"]
[BlackElo "2299"]
[WhiteTeam "Jiangsu team"]
[BlackTeam "Beijing team"]
[WhiteFideId "8604002"]
[BlackFideId "8614300"]
[EventDate "2019.04.09"]

1. d4 Nf6 2. c4 e6 3. Nf3 d5 4. Nc3 Nbd7 5. cxd5 exd5 6. Bg5 c6 7. e3 Be7 8. Qc2
Nh5 9. Bxe7 Qxe7 10. h3 g6 11. O-O-O Nb6 12. Bd3 Be6 13. Kb1 O-O-O 14. Na4 Kb8
15. Rc1 Rhe8 16. Nc5 Rc8 17. Qb3 Ka8 18. a4 Qc7 19. a5 Nd7 20. Nxd7 Qxd7 21. a6
b6 22. Ne5 Qd6 23. Qa4 b5 24. Qa3 Red8 25. Qa5 Rf8 26. Qa3 b4 27. Qa4 Bd7 28.
Rc5 Ng7 29. Nxd7 Qxd7 30. Rhc1 Ne6 31. Rxc6 Rxc6 32. Qxc6+ Qxc6 33. Rxc6 Kb8 34.
Ka2 Re8 35. Kb3 f5 36. Rd6 f4 37. Rxd5 fxe3 38. fxe3 Nc7 39. Rd6 Kc8 40. e4 Rf8
41. Be2 Re8 42. e5 h5 43. Bd3 Re6 44. Bxg6 Rxd6 45. exd6 Nxa6 46. Bxh5 Kd7 47.
Be2 Nb8 48. Bb5+ Kxd6 49. Kxb4 Kd5 50. Kc3 a6 51. Ba4 1-0

[Event "TCh-CHN 2019"]
[Site "China CHN"]
[Date "2019.12.06"]
[Round "21.6"]
[Board "1"]
[White "Xu, Minghui"]
[Black "Li, Di"]
[Result "1/2-1/2"]
[BlackTitle "GM"]
[WhiteElo "2406"]
[BlackElo "2543"]
[WhiteTeam "Zhejiang team"]
[BlackTeam "Chengdu Beilei Youth Chess Club"]
[WhiteFideId "8606790"]
[BlackFideId "8607508"]
[EventDate "2019.04.09"]

1. d4 Nf6 2. c4 e6 3. Nc3 d5 4. Bg5 Be7 5. e3 Nbd7 6. Nf3 O-O 7. Rc1 h6 8. Bh4
c5 9. dxc5 Nxc5 10. cxd5 g5 11. Bg3 Nxd5 12. Nxd5 Qxd5 13. Qxd5 exd5 14. Be2 Bd7
15. O-O Rac8 16. Be5 f6 17. Bd4 a6 18. Rfd1 Ne4 19. Ne1 Kf7 20. f3 Nd6 21. Bc5
Be6 22. b3 Rc6 23. Ba3 Rfc8 24. Rxc6 Rxc6 25. Rc1 Rxc1 26. Bxc1 Bf5 27. Bd3 h5
28. Kf2 h4 29. g4 hxg3+ 30. hxg3 Bd7 31. g4 1/2-1/2

[Event "TCh-CHN 2019"]
[Site "China CHN"]
[Date "2019.12.06"]
[Round "21.6"]
[Board "2"]
[White "Zvjaginsev, Vadim"]
[Black "Xu, Xiangyu"]
[Result "1/2-1/2"]
[WhiteTitle "GM"]
[BlackTitle "GM"]
[WhiteElo "2627"]
[BlackElo "2582"]
[WhiteTeam "Zhejiang team"]
[BlackTeam "Chengdu Beilei Youth Chess Club"]
[WhiteFideId "4113403"]
[BlackFideId "8608288"]
[EventDate "2019.04.09"]

1. Nf3 Nf6 2. c4 g6 3. Nc3 d5 4. cxd5 Nxd5 5. e4 Nxc3 6. dxc3 Qxd1+ 7. Kxd1 f6
8. Bc4 e5 9. Re1 Nd7 10. a4 a5 11. Kc2 Nb6 12. Bb3 Nd7 13. Bc4 Nb6 14. Bb3 Nd7
15. Bc4 1/2-1/2

[Event "TCh-CHN 2019"]
[Site "China CHN"]
[Date "2019.12.06"]
[Round "21.6"]
[Board "3"]
[White "Lu, Shanglei"]
[Black "Dubov, Daniil"]
[Result "1/2-1/2"]
[WhiteTitle "GM"]
[BlackTitle "GM"]
[WhiteElo "2612"]
[BlackElo "2690"]
[WhiteTeam "Zhejiang team"]
[BlackTeam "Chengdu Beilei Youth Chess Club"]
[WhiteFideId "8603332"]
[BlackFideId "24126055"]
[EventDate "2019.04.09"]

1. e4 c5 2. Nf3 Nc6 3. d4 cxd4 4. Nxd4 e5 5. Nb5 d6 6. N1c3 Nf6 7. Bg5 a6 8. Na3
b5 9. Nd5 Be7 10. Bxf6 Bxf6 11. c3 Rb8 12. Nc2 Bg5 13. a4 bxa4 14. Ncb4 Nxb4 15.
cxb4 O-O 16. Rxa4 a5 17. h4 Bh6 18. b5 Bd7 19. Nc3 Rc8 20. Be2 Be6 21. g3 Rc5
22. O-O d5 23. exd5 Bxd5 24. Bf3 Bxf3 25. Qxf3 f5 26. Rd1 Qb6 27. Rda1 Bd2 28.
Rxa5 Bxc3 29. bxc3 e4 30. Qe2 Rxc3 31. Qa2+ Kh8 32. Ra8 Rcc8 33. Rxc8 Rxc8 34.
Qa6 Qc5 35. b6 e3 36. b7 exf2+ 37. Kh2 Rg8 38. Qe6 Qc7 39. Qd5 f4 1/2-1/2

[Event "TCh-CHN 2019"]
[Site "China CHN"]
[Date "2019.12.07"]
[Round "22.1"]
[Board "2"]
[White "Liu, Qingnan"]
[Black "Zvjaginsev, Vadim"]
[Result "1/2-1/2"]
[WhiteTitle "GM"]
[BlackTitle "GM"]
[WhiteElo "2533"]
[BlackElo "2627"]
[WhiteTeam "Shandong Jingzhi team"]
[BlackTeam "Zhejiang team"]
[WhiteFideId "8603294"]
[BlackFideId "4113403"]
[EventDate "2019.04.09"]

1. e4 e5 2. Nf3 Nc6 3. Nc3 Nf6 4. d4 exd4 5. Nxd4 Bb4 6. Nxc6 bxc6 7. Bd3 O-O 8.
O-O Re8 9. Bg5 h6 10. Bh4 d5 11. exd5 Bxc3 12. bxc3 cxd5 13. Rb1 Qd6 14. Bxf6
Qxf6 15. c4 dxc4 16. Bxc4 Ba6 17. Bxa6 Qxa6 18. Qd5 Rad8 19. Qb7 Qxa2 20. Qxc7
Rc8 21. Qd7 Red8 22. Ra1 Rxd7 23. Rxa2 Rd2 24. Rxa7 Rdxc2 25. g3 Rc1 26. Rxc1
Rxc1+ 27. Kg2 g6 28. h4 Kg7 29. Rb7 h5 30. Ra7 Kf6 1/2-1/2

[Event "TCh-CHN 2019"]
[Site "China CHN"]
[Date "2019.12.07"]
[Round "22.1"]
[Board "3"]
[White "Zhao, Jun"]
[Black "Lu, Shanglei"]
[Result "1/2-1/2"]
[WhiteTitle "GM"]
[BlackTitle "GM"]
[WhiteElo "2639"]
[BlackElo "2612"]
[WhiteTeam "Shandong Jingzhi team"]
[BlackTeam "Zhejiang team"]
[WhiteFideId "8602522"]
[BlackFideId "8603332"]
[EventDate "2019.04.09"]

1. e4 e5 2. Nf3 Nc6 3. Bc4 Nf6 4. Ng5 d5 5. exd5 Na5 6. Bb5+ c6 7. dxc6 bxc6 8.
Bd3 Nd5 9. h4 Qc7 10. Nc3 h6 11. Nxd5 cxd5 12. Qh5 Bc5 13. Nxf7 O-O 14. Nxe5 Rf5
15. Qe8+ Rf8 16. Qh5 Rf5 17. Qe8+ Rf8 18. Qh5 Rf5 1/2-1/2

[Event "TCh-CHN 2019"]
[Site "China CHN"]
[Date "2019.12.07"]
[Round "22.1"]
[Board "5"]
[White "Ding, Yixin"]
[Black "Ning, Kaiyu"]
[Result "1/2-1/2"]
[WhiteTitle "WGM"]
[BlackTitle "WIM"]
[WhiteElo "2439"]
[BlackElo "2353"]
[WhiteTeam "Zhejiang team"]
[BlackTeam "Shandong Jingzhi team"]
[WhiteFideId "8602972"]
[BlackFideId "8614750"]
[EventDate "2019.04.09"]

1. Nf3 d5 2. g3 Bg4 3. Bg2 c6 4. c4 Nf6 5. cxd5 Bxf3 6. Bxf3 cxd5 7. O-O Nc6 8.
d4 e6 9. Nc3 Be7 10. b3 O-O 11. Bb2 Rc8 12. e3 a6 13. Qe2 b5 14. Rfc1 Qb6 15.
Bg2 Rc7 16. Bf1 Nd7 17. Qd1 f5 18. a4 b4 19. Ne2 g5 20. Rc2 Rfc8 21. Nc1 Nf6 22.
Nd3 Ne4 23. Rac1 g4 24. Nf4 Ng5 25. h4 gxh3 26. Nxh3 Nxh3+ 27. Bxh3 Bd6 28. g4
Ne7 29. gxf5 exf5 30. Rxc7 Rxc7 31. Qh5 Rxc1+ 32. Bxc1 Qc6 33. Bb2 Qc2 34. Qe8+
Kg7 35. Qd7 Bh2+ 36. Kxh2 Qxf2+ 37. Kh1 Kf7 38. Bg2 Qh4+ 39. Kg1 Qe1+ 40. Kh2
Qh4+ 41. Kg1 Qe1+ 42. Kh2 1/2-1/2

[Event "TCh-CHN 2019"]
[Site "China CHN"]
[Date "2019.12.07"]
[Round "22.2"]
[Board "2"]
[White "Dubov, Daniil"]
[Black "Li, Chao b"]
[Result "1/2-1/2"]
[WhiteTitle "GM"]
[BlackTitle "GM"]
[WhiteElo "2690"]
[BlackElo "2690"]
[WhiteTeam "Chengdu Beilei Youth Chess Club"]
[BlackTeam "Beijing team"]
[WhiteFideId "24126055"]
[BlackFideId "8604436"]
[EventDate "2019.04.09"]

1. d4 d5 2. Nf3 Nf6 3. g3 g6 4. Bg2 Bg7 5. O-O O-O 6. Bf4 c5 7. dxc5 Na6 8. c6
bxc6 9. c4 Nc5 10. Nc3 Bb7 11. Rc1 Nfe4 12. Nxe4 Nxe4 13. cxd5 cxd5 14. Bc7 Qd7
15. Be5 Bxe5 16. Nxe5 Qd6 17. Qd4 f6 18. Nd3 e5 19. Qa4 f5 20. Rfd1 Rf7 21. e3
Rd8 22. Qa5 Re7 23. Nc5 d4 24. Nxb7 Rxb7 25. exd4 exd4 26. Rc6 Qd7 27. Bf1 Qe7
28. Bc4+ Kg7 29. Re6 Qc7 30. Qxc7+ Rxc7 1/2-1/2

[Event "TCh-CHN 2019"]
[Site "China CHN"]
[Date "2019.12.07"]
[Round "22.2"]
[Board "4"]
[White "Song, Yuxin"]
[Black "Li, Yunshan"]
[Result "1/2-1/2"]
[WhiteTitle "WIM"]
[BlackTitle "WFM"]
[WhiteElo "2299"]
[BlackElo "2287"]
[WhiteTeam "Beijing team"]
[BlackTeam "Chengdu Beilei Youth Chess Club"]
[WhiteFideId "8614300"]
[BlackFideId "8607664"]
[EventDate "2019.04.09"]

1. e4 e5 2. Nf3 Nc6 3. Bb5 Nf6 4. O-O Nxe4 5. Re1 Nd6 6. Nxe5 Be7 7. Bf1 Nxe5 8.
Rxe5 O-O 9. d4 Bf6 10. Re1 Nf5 11. c3 d5 12. Bf4 c6 13. Nd2 Be7 14. h3 Bd6 15.
Bxd6 Nxd6 16. Bd3 Qf6 17. Qf3 Qxf3 18. Nxf3 Bf5 19. Bxf5 Nxf5 20. Re5 Nd6 21.
Re7 Rfe8 22. Rae1 Rad8 23. Rxe8+ Rxe8 24. Rxe8+ Nxe8 25. Kf1 f6 26. Ke2 Kf7 27.
Kd3 Nd6 28. Nd2 Ke6 29. b3 Nf5 30. Nf3 Nd6 1/2-1/2

[Event "TCh-CHN 2019"]
[Site "China CHN"]
[Date "2019.12.07"]
[Round "22.4"]
[Board "1"]
[White "Predke, Alexandr"]
[Black "Ni, Hua"]
[Result "1/2-1/2"]
[WhiteTitle "GM"]
[BlackTitle "GM"]
[WhiteElo "2676"]
[BlackElo "2669"]
[WhiteTeam "Guangdong Shenzhen Longgang Chess team"]
[BlackTeam "China Mobil Shanghai Chess Club"]
[WhiteFideId "24107581"]
[BlackFideId "8601160"]
[EventDate "2019.04.09"]

1. e4 e5 2. Nf3 Nc6 3. Bb5 Nf6 4. O-O Nxe4 5. Re1 Nd6 6. Nxe5 Be7 7. Bf1 Nxe5 8.
Rxe5 O-O 9. d4 Bf6 10. Re1 Re8 11. c3 Rxe1 12. Qxe1 Ne8 13. Bf4 d5 14. Bd3 g6
15. Nd2 Ng7 16. Nf3 Bf5 17. Bxf5 Nxf5 18. Qe2 c6 19. Re1 Ng7 20. Be5 Ne6 21.
Bxf6 Qxf6 22. Qe5 Qxe5 23. Nxe5 Re8 24. Nd3 Nc7 25. Kf1 Rxe1+ 26. Kxe1 Ne8 27.
f3 Nd6 28. g3 f6 29. Ke2 Kf7 30. Kf2 Ke7 1/2-1/2

[Event "TCh-CHN 2019"]
[Site "China CHN"]
[Date "2019.12.07"]
[Round "22.4"]
[Board "3"]
[White "Xu, Yinglun"]
[Black "Lou, Yiping"]
[Result "1/2-1/2"]
[WhiteTitle "GM"]
[BlackTitle "IM"]
[WhiteElo "2555"]
[BlackElo "2473"]
[WhiteTeam "Guangdong Shenzhen Longgang Chess team"]
[BlackTeam "China Mobil Shanghai Chess Club"]
[WhiteFideId "8604940"]
[BlackFideId "8603928"]
[EventDate "2019.04.09"]

1. d4 Nf6 2. c4 g6 3. Nc3 d5 4. cxd5 Nxd5 5. e4 Nxc3 6. bxc3 Bg7 7. Nf3 c5 8.
Bb5+ Nc6 9. O-O cxd4 10. cxd4 O-O 11. Be3 Bg4 12. Bxc6 bxc6 13. Rc1 Qa5 14. Qd2
Qxd2 15. Nxd2 Rfd8 16. Nb3 a5 17. Rxc6 a4 18. Nc5 Bxd4 19. Bxd4 Rxd4 20. f3 Rc8
21. Rxc8+ Bxc8 22. Rc1 a3 23. Nb3 Rd8 24. Rc7 Be6 25. Ra7 Rd1+ 26. Kf2 Bxb3 27.
axb3 Rd2+ 28. Kg3 a2 29. b4 Rb2 30. b5 Kg7 31. b6 1/2-1/2

[Event "TCh-CHN 2019"]
[Site "China CHN"]
[Date "2019.12.07"]
[Round "22.4"]
[Board "4"]
[White "Ni, Shiqun"]
[Black "Li, Xueyi"]
[Result "1/2-1/2"]
[WhiteTitle "WGM"]
[BlackTitle "WGM"]
[WhiteElo "2389"]
[BlackElo "2296"]
[WhiteTeam "China Mobil Shanghai Chess Club"]
[BlackTeam "Guangdong Shenzhen Longgang Chess team"]
[WhiteFideId "8608466"]
[BlackFideId "8605912"]
[EventDate "2019.04.09"]

1. e4 c6 2. d4 d5 3. exd5 cxd5 4. Bd3 Nc6 5. c3 Nf6 6. Bf4 g6 7. Nf3 Bg7 8. O-O
O-O 9. h3 Bf5 10. Re1 Bxd3 11. Qxd3 Ne4 12. Nbd2 Nxd2 13. Qxd2 e6 14. h4 h5 15.
g3 Rc8 16. Ne5 Nxe5 17. Bxe5 Bxe5 18. Rxe5 Kg7 19. Kg2 Qc7 20. Rxh5 gxh5 21.
Qg5+ Kh7 22. Qxh5+ Kg7 23. Qg5+ Kh7 24. Qh5+ Kg7 25. Qg5+ Kh7 1/2-1/2

[Event "TCh-CHN 2019"]
[Site "China CHN"]
[Date "2019.12.07"]
[Round "22.4"]
[Board "5"]
[White "Ju, Wenjun"]
[Black "Shuvalova, Polina"]
[Result "1/2-1/2"]
[WhiteTitle "GM"]
[BlackTitle "WIM"]
[WhiteElo "2580"]
[BlackElo "2446"]
[WhiteTeam "China Mobil Shanghai Chess Club"]
[BlackTeam "Guangdong Shenzhen Longgang Chess team"]
[WhiteFideId "8603006"]
[BlackFideId "24171760"]
[EventDate "2019.04.09"]

1. d4 Nf6 2. c4 e6 3. g3 d5 4. Nf3 Be7 5. Bg2 O-O 6. O-O dxc4 7. Qc2 a6 8. a4
Bd7 9. Qxc4 Bc6 10. Bg5 Bd5 11. Qc2 Be4 12. Qc1 h6 13. Bxf6 Bxf6 14. Nbd2 Bxf3
15. Nxf3 a5 16. Rd1 c6 17. e3 Na6 18. Ne1 Qb6 19. Nd3 Rfd8 20. Qc2 Nb4 21. Nxb4
Qxb4 22. Rac1 Ra6 23. b3 Raa8 24. Bf1 Rd5 25. Bg2 Rdd8 26. Bf1 Rd5 27. Bg2 Rdd8
28. Bf1 Rd5 29. Bg2 Rdd8 30. Bf1 Rd5 1/2-1/2

[Event "TCh-CHN 2019"]
[Site "China CHN"]
[Date "2019.12.07"]
[Round "22.5"]
[Board "3"]
[White "Nie, Xinyang"]
[Black "Wang, Yue"]
[Result "1/2-1/2"]
[BlackTitle "GM"]
[WhiteElo "2348"]
[BlackElo "2674"]
[WhiteTeam "Chongqing Jiulongpo Yucai Chess team"]
[BlackTeam "Zhihui Sports chess team of Tianjin"]
[WhiteFideId "8607222"]
[BlackFideId "8601429"]
[EventDate "2019.04.09"]

1. Nf3 d5 2. d4 Nf6 3. c4 e6 4. Nc3 c6 5. e3 Nbd7 6. Qc2 Bd6 7. b3 O-O 8. Be2 b6
9. O-O Bb7 10. Bb2 Qe7 11. e4 dxe4 12. Nxe4 Nxe4 13. Qxe4 Nf6 14. Qc2 c5 15.
dxc5 Bxc5 16. Ng5 Rfd8 17. Bxf6 Qxf6 18. Qxh7+ Kf8 19. Ne4 Bxe4 20. Qxe4 a5 21.
Bf3 Ra7 22. Rad1 Rad7 23. Qc2 g6 24. Rxd7 Rxd7 25. Rd1 Rxd1+ 26. Bxd1 Qd4 27. g3
e5 28. Bf3 f5 29. Bd5 e4 30. Qe2 Kg7 31. Kg2 Kf6 32. h4 Ke5 33. Bf7 Kf6 34. Be8
Qd3 35. Kf1 Qd4 36. Kg2 Kg7 37. Bc6 Kh6 38. Qe3+ Qxe3 39. fxe3 Bxe3 40. g4 Bd2
41. Bd7 f4 42. Bc6 e3 43. Bf3 Be1 44. h5 Kg5 45. Kf1 Bb4 46. Ke2 Bc5 47. Kd3
gxh5 48. gxh5 Kf5 49. a4 Bf8 50. Bd1 Ke5 1/2-1/2